00832nas a22002774a 4500001000800000005001700008008004100025022001400066040001200080041000800092082001100100245003800111260005400149362001400203500005800217650004400275650002300319650002900342650002100371650002000392650003100412650001100443700003400454700003500488700003100523ESSALUD20260702111725.0 m20092018pe qr r 0 0 spa d a3119-768X aESSALUD aspa aPRALAB aPraxis Laboral & Procesal Laboral aLimabGrupo Praxis Formación Profesional, 2026- aBimestral aDescripción basada en: N° 1, Año 1 (enero 2026)  a DERECHO / ANÁLISIS, INTERPRETACIÓN aDERECHOS LABORALES aDERECHO PROCESAL LABORAL aSEGURIDAD SOCIAL aINVESTIGACIÓN aPUBLICACIONES PERIÓDICAS aPERÚ aTarazona Pinedo, Manoloedir. aToyama Miyagusuku, Jorgeedir. aVinatea Recoba, Luisedir.